Do You Know Your Supercars #1 - Statistics

General Stats
  • This quiz has been taken 163 times
    162 since last reset
  • The average score is 11 of 16
Answer Stats
Picture Answer % Correct
Bugatti Veyron
96%
Toyota Supra
86%
Mclaren Senna
84%
Lamborghini Huracan
78%
Porsche 918
75%
Ferrari SF90
74%
Mclaren F1
74%
Pagani Huayra
74%
Dodge Viper
73%
Bentley Continental
70%
Lamborghini Diablo
68%
Nissan 350z
66%
Chevrolet Corvette
64%
Aston Martin Vulcan
62%
Koenigsegg Gemera
57%
Hennessey Venom
47%
No matching quizzes found
Score Distribution
Percent of People with Each Score
Percentile by Number Answered
Your Score History
You have not taken this quiz since the last reset